00441nam a2200181Ia 450000500170000000800410001702000180005804100080007608200130008410000150009724500460011225000110015826000370016930000090020650000150021565000140023070000150024420230422115531.0230125s9999 xx 000 0 und d a9788131532324 aeng a330bMAN aMankiw N G aPrinciples of EconomicsbWith Course Mate aEd.6th c2017bPearson EducationaChennai a856p aEconomics  aEconomics aMankiw N G